Medzinárodné porovnanie kúpnej sily hodinovej mzdy

Kúpna sila hodinovej mzdy (charakteristika) - jeden z ukazovateľov životnej úrovne domácností. Porovnanie kúpnej sily hodinovej mzdy v spracovateľskom priemysle. Porovnanie kúpnej sily hodinovej mzdy podľa povolaní.

Guardado en:
Detalles Bibliográficos
Autor principal: Rybárová, Silvia
Formato: Capítulo de libro
Lenguaje:eslovaco
Materias:
Etiquetas: Agregar Etiqueta
Sin Etiquetas, Sea el primero en etiquetar este registro!

MARC

LEADER 00000naa a2200000 4500
001 r017824
005 20221205102526.6
041 0 |a slo 
044 |a SK 
245 1 0 |a Medzinárodné porovnanie kúpnej sily hodinovej mzdy  |c Silvia Rybárová 
520 |a Kúpna sila hodinovej mzdy (charakteristika) - jeden z ukazovateľov životnej úrovne domácností. Porovnanie kúpnej sily hodinovej mzdy v spracovateľskom priemysle. Porovnanie kúpnej sily hodinovej mzdy podľa povolaní. 
610 2 0 |a sila kúpna obyvateľstva 
610 2 0 |a mzdy hodinové 
610 2 0 |a porovnanie medzinárodné 
610 2 0 |a priemysel spracovateľský 
610 2 0 |a povolania 
610 2 0 |a úroveň životná 
100 1 |a Rybárová, Silvia